World almanac book of WHO (Record no. 36262)

MARC details
000 -LEADER
fixed length control field 00268nam a2200109Ia 4500
082 ## - DEWEY DECIMAL CLASSIFICATION NUMBER
Classification number 929
Item number LAN
245 #0 - TITLE STATEMENT
Title World almanac book of WHO
260 ## - PUBLICATION, DISTRIBUTION, ETC. (IMPRINT)
Place of publication England
Name of publisher Windward
Year of publication 1980
700 ## - ADDED ENTRY--PERSONAL NAME
Personal name Lane, Hana Umlauf
942 ## - ADDED ENTRY ELEMENTS (KOHA)
Koha item type Books
Holdings
Withdrawn status Lost status Damaged status Not for loan Home library Current library Date acquired Cost, normal purchase price Full call number Accession Number Koha item type
        RRII Library RRII Library 16/12/2021 3.95 929 LAN 16673 Books